000 00695 a2200205 4500
010 _aENG-89926
020 _c400.00
035 _aEN-73459
037 _bDBAD / PUB
082 1 4 _a170.44
090 _c12003
_d12003
100 1 _aChandra, Neena
245 1 _aEthical thoughts of Moore and Ewing:
_cby Neena Chandra
_b(a comparative & critical study)/
260 _aNew Delhi
_bJanaki Prakashan
_c2006
270 _aAshok Rajpath, Chauhatta,
_bPatna
_e800 004
300 _aii, 136p.
_c21 cm ( Hb.)
500 _aIncludes bibliographical references
942 _adpl
_cEN
_k170.44 / CHA
999 _c11649
_d11649